Statistiken für Deutsche Städte mit Straßenbahnen

Klicken Sie hier um das Quiz zu spielen!

Allgemein

  • Dieses Quiz wurde 590 mal gespielt
  • Das Durchschnittsergebnis liegt bei 36 aus 57

Antwortstatistiken

% Korrekt
Berlin
97%
München
95%
StadtbahnKöln
92%
StadtbahnFrankfurt am Main
91%
Frankfurt am Oder
91%
Dresden
90%
StadtbahnHannover
88%
Leipzig
88%
StadtbahnDortmund
87%
StadtbahnDüsseldorf
87%
Nürnberg
87%
StadtbahnStuttgart
87%
Bremen
85%
Augsburg
83%
StadtbahnEssen
83%
Rostock
82%
Erfurt
80%
Magdeburg
80%
Potsdam
80%
Mannheim
79%
StadtbahnBonn
78%
Mainz
78%
StadtbahnDuisburg
77%
StadtbahnBochum
76%
Chemnitz
76%
Freiburg im Breisgau
76%
Jena
74%
StadtbahnKarlsruhe
74%
Kassel
72%
Braunschweig
71%
Halle / Saale
70%
StadtbahnBielefeld
66%
StadtbahnGelsenkirchen
66%
StadtbahnSaarbrücken
63%
Gera
61%
Cottbus
60%
Heidelberg
60%
Schwerin
60%
Ulm
60%
Würzburg
58%
Darmstadt
57%
Zwickau
53%
Ludwigshafen
48%
Krefeld
46%
Brandenburg an der Havel
38%
Mülheim an der Ruhr
38%
Görlitz
34%
Herne
33%
Gotha
29%
Plauen
24%
Naumburg
17%
Nordhausen
17%
Halberstadt
14%
Witten
14%
Bad Schandau
7%
Hattingen
4%
Waltershausen
2%

Verteilung der Resultate

Perzentil nach korrekt beantworteten Fragen

Anzahl Personen mit jedem Resultat

Ihre Resultats-Entwicklung

Sie haben dieses Quiz noch nicht gespielt